[Event "Hebron Al Aqsa op 1st"]
[Site "Hebron"]
[Date "2022.12.10"]
[Round "5"]
[White "Seder, Motaz"]
[Black "Alshreef, Bashar"]
[Result "1-0"]
[WhiteElo "1812"]
[BlackElo "1148"]
[PlyCount "77"]
[EventDate "2022.12.08"]
[EventType "swiss"]
[EventRounds "9"]
[EventCountry "PLE"]
[SourceTitle "EXT 2024"]
[Source "ChessBase"]
[SourceDate "2023.10.10"]
[SourceVersion "1"]
[SourceVersionDate "2023.10.10"]
[SourceQuality "1"]

1. e4 e5 2. Nf3 Nc6 3. Bc4 Nf6 4. d3 d6 5. h3 Na5 6. Bb3 Nxb3 7. axb3 Nh5 8. Nxe5 dxe5 9. Qxh5 Bc5 10. Qxe5+ Be7 11. Qxg7 Bf6 12. Qg3 Kf8 13. Nc3 h6 14. 0-0 Rg8 15. Qf3 Rg6 16. Nd5 Be5 17. Bf4 Bxf4 18. Nxf4 Rf6 19. e5 Rf5 20. Rfe1 Qd4 21. Ra4 Rxf4 22. Qxf4 Qxf4 23. Rxf4 Kg7 24. e6 Bxe6 25. Re3 Rg8 26. Kh2 Kh7 27. Rg3 Re8 28. Re3 Kg6 29. Rb4 b6 30. Ra4 a5 31. Ra1 f5 32. Rae1 Kf6 33. Rxe6+ Rxe6 34. Rxe6+ Kxe6 35. g4 fxg4 36. hxg4 Ke5 37. Kg3 Kf6 38. Kf4 Kg6 39. f3 1-0